|
|
|
|
| LEADER |
00916nam#a2200301#a#4500 |
| 001 |
013275 |
| 005 |
20160721152034.0 |
| 008 |
971211s1994####xxk#################eng#d |
| 020 |
|
|
|a 0471944009
|
| 040 |
|
|
|a AR-beUNQ
|
| 099 |
|
|
|a 24-T5
|
| 245 |
0 |
0 |
|a Inmunology : a comparative approach
|c R.J Turner.
|
| 260 |
|
|
|a Sussex :
|b J. Wiley,
|c 1994
|
| 300 |
|
|
|a ivx, 222 p. :
|b il., gráficos
|
| 650 |
|
7 |
|a INMUNOLOGIA
|2 Spines
|
| 650 |
|
7 |
|a ANALISIS COMPARATIVO
|2 Spines
|
| 650 |
|
7 |
|a INVERTEBRADOS
|2 Spines
|
| 650 |
|
7 |
|a PLANTAS (BOTANICA)
|2 Spines
|
| 650 |
|
7 |
|a VERTEBRADOS
|2 Spines
|
| 650 |
|
7 |
|a PECES
|2 Spines
|
| 650 |
|
7 |
|a ANFIBIOS
|2 Spines
|
| 650 |
|
7 |
|a AVES
|2 Spines
|
| 650 |
|
7 |
|a REPTILES
|2 Spines
|
| 700 |
1 |
|
|a Turner, RJ
|e ed
|4 edt
|
| 929 |
|
|
|a COMPRA
|b Cúspide
|c Exp. 827-0764/97
|d 52,95
|e 19971211
|j 22882
|
| 929 |
|
|
|a COMPRA
|b Cúspide
|c Exp. 827-0764/97
|d 52,95
|e 19971211
|j 22883
|
| 942 |
|
|
|c LIB
|n 0
|
| 999 |
|
|
|c 15677
|d 91064
|